| 000 | 00678nam a2200205Ia 4500 | ||
|---|---|---|---|
| 999 |
_c64870 _d64870 |
||
| 005 | 20240530110755.0 | ||
| 008 | 140319s1967 ua b 000 0 ara d | ||
| 017 | _bمصر. دار الكتب | ||
| 040 |
_aGCL / _cGCL |
||
| 082 | 0 | 4 |
_221 _a214 / _bم ف |
| 100 | 0 | _aمحمد عمارة | |
| 245 | 1 | 0 |
_aفجر اليقظة القومية / _cتاليف محمد عمارة |
| 260 |
_aالقاهرة : _c1967. |
||
| 300 |
_a235 ص ؛ _c24 سم. |
||
| 490 | 0 | _aدراسات فى القومية والامة. | |
| 504 | _aيشتمل على ارجاعات ببليوجرافية | ||
| 650 | 0 | 7 |
_aالثقافة الاسلامية _2qrmak |
| 651 | _2qrmak | ||
| 942 |
_2ddc _cBK |
||